000 00710nam a2200217Ia 4500
005 20250508165928.0
008 008 250505s9999 xx 000 0 eng d
020 _a978-81-89524-89-0
037 _aTextual
040 _aFEDL
_beng
_cFEDL
041 _aeng
_2eng
084 _a305.5, AMB
_qFEDL
100 _aAmbedkar B R
_9388945
245 0 _aStates and minorities: What are their rights and how to secure them in the constitution of free India
260 _aNew Delhi, India
_bCritical Quest
_c2013
300 _a64P.
365 _aINR
_b450
546 _aGifted by H.O.D. Namita Ranganathan in memory of Prof. Arvind Gaysu
942 _cTEXL
_h305.5, AMB
999 _c1398241
_d1398241